00958nam a2200253 a 450000100100000000500170001000800410002702000150006804000250008308200130010810000400012124000200016124500610018126000320024230000430027449000490031750400280036660000560039470000330045083000560048391000370053995201110057699900170068700003661620200930075830.0120123s1984 sp ac 000 0 spa d z8434581489 aDO-SdBNPbspacBNPHU axxxbxxx1 aMaurois, André,d1885-1967.9631910aNapoleónleng10aNapoleón /cAnré Maurois ; prólogo, Carmen Llorca. aBarcelona :bSalvat,c1984. a189 p. :bil., retrs., mapas ;c20 cm.1 aBiblioteca Salvat de grandes biografíasv1 aBibliografía : p. 18904aNAPOLEÓNcIMPERADOR DE FRANCIAd1769-1821.96290312aLlorca, Carmeneprol.962904 0aBiblioteca Salvat de grandes biografíasn1962905 aValidado. Control de calidad MFF 001050718MOaPDbPDcCTd2012-01-23iLF1l0oxxx xxxp36616-10r2020-06-25w2020-06-25y1ZNo se presta c36107d36107